000 00636nam a2200193Ia 4500
003 GCL
008 140319s9999 xx 000 0 ara d
040 _aGCL /
_cGCL
082 0 4 _a953.07393
_bو م
100 1 _aابن واصل المازنى، محمد بن سال
245 1 0 _aمفرج الكروب فى اخبار بنى ايوب /
_cابن واصل المازنى، محمد بن سال
260 _a[S.N] :
_bدار الكتب ،
_c1972
300 _a381
490 _a
650 0 4 _aالعالم العربى
650 0 4 _aالتاريخ الاسلامى
650 0 4 _aالدولة الايوبية
942 _2ddc
_cBK
999 _c30992
_d30992